| 000 | 00399nam a2200133Ia 4500 | ||
|---|---|---|---|
| 008 | 170224s9999 xx 000 0 und d | ||
| 245 | _aBystanding or standing by? How the number of bystanders affects the intention to intervene in cyberbullying | ||
| 260 | _bNew Media & Society | ||
| 260 | _c2016 | ||
| 300 | _a18: | ||
| 500 | _a2016 | ||
| 650 | _xCommunication Arts | ||
| 650 | _xMultimedia Arts | ||
| 999 |
_c316185 _d316185 |
||